Giving your child the excellence edge

Bibliographic Details
Main Author: Caruana, Vicki
Format: Book
Published: Mumbai : Jaico Publishing House , 2005
Subjects:

MARC

LEADER 00000cam a2200000 7i4500
001 0000017406
005 20080521.0
008 210508
020 |a 8179925005 
090 0 0 |a 370.153   |b CAR 
100 1 |a Caruana, Vicki 
245 1 0 |a Giving your child the excellence edge   |c Vicki Caruana 
260 |a Mumbai :   |b Jaico Publishing House ,   |c 2005 
650 0 |a Academic achievement 
650 0 |a Education   |x Parent participation 
999 |a 0001003812   |b Book   |c Adult Collection   |e Perbadanan Perpustakaan Awam Johor